000 00942nam a2200241 a 4500
001 000399568
005 20250331185238.0
008 091007s2008 ck a fr 000 0 spa d
020 _a9789588511030
040 _aCO-CtgCURN
_bspa
_ccoctgcurn
082 0 4 _a621.388
_bA719
_221
100 1 _aArjona Angarita, Ricardo Javier.
245 1 0 _aTelevisión digital terrestre :
_buna evaluación de los estándares en el ámbito Colombiano /
_cRicardo Javier Arjona Angarita.
260 _aBarranquilla :
_bCorporación Universitaria de la Costa,
_c2008.
300 _a74 paginas :
_bilustraciones en color.
504 _aBibliografía : p.73-74.
650 1 7 _aTelevisión digital.
_2LEMB
650 1 7 _aAnálisis de mercadeo (Televisión)
_zColombia.
_2LEMB
650 1 7 _aTelevisión
_xAspectos políticos.
_2LEMB
942 _2ddc
_cBK
_h621.388
_iA719
999 _c23904
_d23904